| 000 | 00801nam a2200253Ia 4500 | ||
|---|---|---|---|
| 003 | OSt | ||
| 005 | 20220926003922.0 | ||
| 006 | a|||||r|||| 00| 0 | ||
| 007 | ta | ||
| 008 | 220923b |||||||| |||| 00| 0 eng d | ||
| 020 |
_a9788182747289 _c505.75 |
||
| 037 |
_b0145, 14/03/2014, Better Book Service _cGeneral Book |
||
| 040 |
_aRTL _cRTL _beng |
||
| 041 |
_2eng _aeng |
||
| 082 | _aU5.20a587, Q3 | ||
| 100 |
_aBAKSHI Jyotsna _9308022 |
||
| 245 | 0 | _aGeopolitical dynamism of India - Tajikistan relations | |
| 260 |
_a New Delhi _bPentagon Press _c2013 |
||
| 300 |
_axxiv,95p _ccm. |
||
| 500 | _aBibliography Chapterwise | ||
| 650 | _aGeography | ||
| 942 |
_hU5.20a587, Q3 _cGB _2CC |
||
| 999 |
_c609241 _d609241 |
||